Youngsters' partnership behaviour in the Carpathian basin

This paper aims to present the social and demographic characteristics of partnership types among the group of youngsters beyond the borders of Hungary. We also analyze the relationship between partnership status and basic socio-demographic variables, to explore to what extent partnership status is d...

Teljes leírás

Elmentve itt :
Bibliográfiai részletek
Szerző: Vita Emese
Dokumentumtípus: Cikk
Megjelent: Belvedere Meridionale Szeged 2019
Sorozat:Belvedere Meridionale 31 No. 4
Kulcsszavak:Magyarok - Kárpát-medence, Ifjúság helyzete - Kárpát-medence
Tárgyszavak:
doi:10.14232/belv.2019.4.10

Online Access:http://acta.bibl.u-szeged.hu/68557
LEADER 02617nab a2200229 i 4500
001 acta68557
005 20250626145031.0
008 200415s2019 hu o 000 eng d
022 |a 2064-5929 
024 7 |a 10.14232/belv.2019.4.10  |2 doi 
040 |a SZTE Egyetemi Kiadványok Repozitórium  |b hun 
041 |a eng 
100 1 |a Vita Emese 
245 1 0 |a Youngsters' partnership behaviour in the Carpathian basin  |h [elektronikus dokumentum] /  |c  Vita Emese 
260 |a Belvedere Meridionale  |b Szeged  |c 2019 
300 |a 115-142 
490 0 |a Belvedere Meridionale  |v 31 No. 4 
520 3 |a This paper aims to present the social and demographic characteristics of partnership types among the group of youngsters beyond the borders of Hungary. We also analyze the relationship between partnership status and basic socio-demographic variables, to explore to what extent partnership status is determined by the aforementioned factors (cohort, region/location, social background, education, value orientation). The analysis is based on empirical survey data, collected in 2015. The target group of the research was ethnic Hungarian youth, aged between 15–29, who live beyond the borders of Hungary. As for methodology, descriptive statistics and multivariate analyses are used, more precisely logistic regressions in order to explain the effects of social determinants of partnership behavior. Explanatory models were usually carried out in three steps, including independent variables as the social-demographic ones, as well as education background of fathers and educational level of respondents. Factors measuring value orientation were introduced in the second step, and the final models incorporates variables such as parenting status and the parents’national identity referring to mixed or homogenous family background. According to our analysis partnership status is strongly determined by domicile type, age, gender and value system. Subcarpathian youngsters tend to be the most traditional, while postmodern partnership formation trends are most adopted by youngsters from Southern Slovakia. Older cohorts and women are more likely to live in cohabitation or marriage. However, religiosity and having children significantly raises the chance of living in marriage, cohabitation is more likely determined by career oriented values and provenience from ethnically mixed families. 
650 4 |a Társadalomtudományok 
650 4 |a Szociológia 
695 |a Magyarok - Kárpát-medence, Ifjúság helyzete - Kárpát-medence 
856 4 0 |u http://acta.bibl.u-szeged.hu/68557/1/belvedere_2019_04_115-142.pdf  |z Dokumentum-elérés